[Event "Montevideo Duchamp Cup 4th"]
[Site "Montevideo"]
[Date "2020.02.15"]
[Round "9"]
[White "Girona, Martin"]
[Black "Martinez Araujo, Miguel"]
[Result "1/2-1/2"]
[WhiteElo "1505"]
[BlackElo "1486"]
[PlyCount "128"]
[EventDate "2020.02.08"]
[EventType "swiss"]
[EventRounds "9"]
[EventCountry "URU"]
[SourceTitle "CBM 194 Extra"]
[Source "ChessBase"]
[SourceDate "2020.03.31"]
[SourceVersion "1"]
[SourceVersionDate "2020.03.31"]
[SourceQuality "1"]

1. d4 Nf6 2. Nf3 g6 3. Bf4 Bg7 4. e3 d6 5. h3 Nbd7 6. c4 0-0 7. Nc3 b6 8. Be2 Bb7 9. 0-0 c5 10. Rc1 Rc8 11. a3 a6 12. b4 Rc7 13. bxc5 bxc5 14. Na4 Nh5 15. Bh2 Nhf6 16. Rb1 Be4 17. Rb2 Rb7 18. Rxb7 Bxb7 19. Qb3 Qa8 20. Nb6 Nxb6 21. Qxb6 cxd4 22. exd4 Nd7 23. Qc7 Qc8 24. Qxc8 Rxc8 25. d5 a5 26. Rb1 Nc5 27. Bf4 Ba6 28. Bd2 a4 29. Be3 Nb3 30. Nd2 Rb8 31. Bd1 h5 32. Nxb3 axb3 33. Rxb3 Rc8 34. Rb6 Bxc4 35. Rc6 Rxc6 36. dxc6 Bb2 37. c7 Ba6 38. Ba4 Bc8 39. Kf1 Bxa3 40. Ke2 Bb4 41. Bb6 Kf8 42. Kd3 e6 43. Kc4 Bd2 44. Bc6 Ke7 45. Kb5 Bf4 46. Be3 Be5 47. f4 Bc3 48. Kb6 d5 49. Bc5+ Kf6 50. Bb7 Bd7 51. c8Q Bxc8 52. Bxc8 d4 53. Ba6 Kf5 54. g3 Ke4 55. Bb7+ Kd3 56. Kc7 Kd2 57. Kd7 Ke2 58. Ba6+ Kf3 59. Ke7 Kxg3 60. Kxf7 Kxf4 61. Bf1 g5 62. Kxe6 g4 63. hxg4 hxg4 64. Kd5 Kf3 1/2-1/2